000 00443nam a22001577a 4500
005 20240201021226.0
008 240201b |||||||| |||| 00| 0 eng d
020 _a955607032X
082 _222
_a305.8
245 _aConflict resolution & peace studies :
260 _aColombo.
_bCenter for policy research and analysis ( CEPRA)
_c2000.
300 _avi, 186 p.,
650 _aPolitical science.
700 _aJayadeva uyangoda.
_eedt
942 _cL
999 _c255
_d255